Erken çocuklukta farklılıklara saygı eğitimi el kitabı (Record no. 4478)

MARC details
000 -BAŞLIK
Sabit Uzunlukta Kontrol Alanı 00720na a2200241 4500
001 - KONTROL NUMARASI
Denetim Alanı 18791
003 - KONTROL NUMARASI IDENTIFIER
Denetim Alanı MIRAKIL
005 - SON İŞLEM TARİHİ VE ZAMANI
Denetim Alanı 20181213155007.0
008 - SABİT-BOY VERİ ELEMANLARI - GENEL BİLGİLER
Sabit Uzunlukta Kontrol Alanı 170112b tu 000 0
020 ## - ULUSLARARASI STANDART KİTAP NUMARASI
Uluslararası Standart Kitap Numarası 975646383X
040 ## - KATALOGLAMA KAYNAK
Orijinal Kataloglama Ajansı Milas
Kataloglama Dili tur
Metne Dönüştürmek Ajansı TR-AnCHP
041 ## - DİL KODU
Metin / Ses Parça Veya Ayrı Başlığın Dil Kodu tur
082 ## - DEWEY ONLU SINIFLANDIRMA NUMARASI
Sınıflandırma Numarası 371.9047
Ürün Numarası E64 2006
090 ## - SINIFLAMA NUMARASI
Sınıflama Numarası 371.9047 E64 2006
245 ## - BAŞLIK TABLOSU
Başlık Erken çocuklukta farklılıklara saygı eğitimi el kitabı
260 ## - YAYIN, DAĞITIM, VB
Yayın, Dağıtım, Vb Yeri İstanbul
Yayıncı, Dağıtıcı, Vs Adı Kadın Emeğini Değerlendirme Vakfı Yayınları
Yayın, Dağıtım, Vb Tarihi 2006
300 ## - FİZİKSEL TANIM
Kapsam 130 s.
Diğer Fiziksel Ayrıntıları res.,tbl.;
Boyutlar 23 sm.
500 ## - GENEL NOT
Genel Not Cd eki vardır.
504 ## - KAYNAKÇA VB NOT
Kaynakça Vb Notu Kaynakça var
650 ## - KONU KATMA GİRİŞ - TOPİKAL DÖNEM
Topikal Süreli Veya Coğrafi Ad Giriş Elemanı Eğitim
Genel Alt Bölümü Çocuk eğitimi
650 ## - KONU KATMA GİRİŞ - TOPİKAL DÖNEM
Topikal Süreli Veya Coğrafi Ad Giriş Elemanı Özel eğitim
Genel Alt Bölümü farklılıklara saygı eğitimi
942 ## - EKLENDİ GİRİŞ ELEMANLARI (KOHA)
Sınıflandırma Veya Raf Düzeni Kaynak Dewey Decimal Classification
Koha Öğesi Türü Books
999 ## - SİSTEM KONTROL NUMARALARI (KOHA)
Koha Biblionumber 4478
Koha Biblioitemnumber 4478
Holdings
Kalıcı Konum Mevcut Konum Edinme Tarihi Edinim Kaynak Toplam Check-Out'Lar Tam Çağrı Numarası Barkod Tarih Son Görülme İtibaren Geçerli Fiyatlar Koha Öğesi Türü
CHP Kütüphanesi CHP Kütüphanesi 11/27/2016 Bağış   371.9047 E64 2006 010073 11/27/2016 11/27/2016 Books